00751nam a2200241Ia 4500008004000000020001800040041000800058082001600066100002000082245005000102260004500152300001200197650001300209650001300222650000700235650000900242650001700251650001000268690002200278906001100300999001900311952017900330210210b2014 xxu||||| |||| 00| 0 eng d a9788129115553 aeng a954.87 BELV aBELLIAPPA (C P) aVictoria gowramma: the lost princess of Coorg aNew DelhibRupa Publications Indiac2014 axiv,239 aVictoria aprincess aof alost agowramma:the acoorg aKarnataka History a069475 c118965d118965 001040708HistoryaALbALcHistoryd2021-02-17eNavakarnataka Publication Pvt Ltd Mangaloreg295.00l4o954.87 BELVp069475r2025-07-18 16:15:17s2025-07-08w2021-02-17yBK